000
00258nam a22000977a 4500
999
_c
529885
_d
529885
082
_a
692.5
_b
DAG
100
_a
Dagostino, Frank R.
245
_a
Estimating in Building Construction /
942
_2
ddc
_c
BK